000 nam a22 7a 4500
999 _c234689
_d234689
003 Nust
005 20170329131308.0
008 170329b xxu||||| |||| 00| 0 eng d
040 _cDLC
082 _a891.4391 KHA
100 _a خان،مولانا ظفر علی
245 _aنگارستان
260 _aLahore :
_bAlfaisal ,
300 _a208p. :
942 _2ddc
_cBK